000 00383nam a2200145Ia 4500
008 230917s9999||||xx |||||||||||||| ||und||
040 _e137610
_aMAIN
041 _aEnglish
082 _a823.09 M691R
100 _aRoy,Anjali Gera
245 0 _aRohinton mistry an anthnology of recent criticism
260 _aNew Delhi
_bMukesh Aggarwal
_c2007
300 _a256p. p.
942 _cBK
999 _c132203
_d132203